=LDR 00000nam 2200000 4500 =001 000323 =005 20250710022331 =035 ##$$a 0010-0725000176 =007 ta =008 250710################a##########0#ind## =020 ##$$a 978-623-118-890-8 =082 ##$$a 398.209 598 =084 ##$$a 398.209 598 RAB m =100 #$$a Rabbani, Atifah =245 1#$$a Menunggu Bulan Purnama /$c Atifah Rabbani =250 ##$$a Cetakan kedua =260 ##$$a Jakarta Timur :$b Kementrian Pendidikan, kebudayaan, riset dan teknologi,$c 2023 =300 ##$$a 24 hlm. : $b ilus. ; $c 29,7 cm$e 398.209 598 =650 #4$$a Cerita Anak-Indonesia =856 ##$$a TBM As Suhada =990 ##$$a TBM202400023